[Event "US op 123nd"]
[Site "Grand Rapids"]
[Date "2023.07.29"]
[Round "1"]
[White "Zheng, Marcus"]
[Black "Davidovich, Manis"]
[Result "1/2-1/2"]
[WhiteElo "1701"]
[BlackElo "1908"]
[PlyCount "43"]
[EventDate "2023.07.29"]
[EventType "swiss"]
[EventRounds "9"]
[EventCountry "USA"]
[SourceTitle "CBM 215 Extra"]
[Source "ChessBase"]
[SourceDate "2023.09.30"]
[SourceVersion "1"]
[SourceVersionDate "2023.09.30"]
[SourceQuality "1"]

1. d4 Nf6 2. c4 b6 3. Nc3 Bb7 4. Nf3 d5 5. e3 e6 6. Bd3 Bd6 7. 0-0 Nbd7 8. Re1 0-0 9. e4 dxe4 10. Nxe4 Nxe4 11. Bxe4 Bxe4 12. Rxe4 Qf6 13. Re1 e5 14. Bg5 Qf5 15. dxe5 Nxe5 16. Nxe5 Qxg5 17. Nf3 Qf4 18. Qc2 Rfe8 19. Rad1 g5 20. Qd2 Qxd2 21. Rxe8+ Rxe8 22. Nxd2 1/2-1/2

[Event "Indianapolis Premier"]
[Site "Indianapolis"]
[Date "2021.09.26"]
[Round "4"]
[White "Davidovich, Manis"]
[Black "Huang, Evan"]
[Result "1-0"]
[WhiteElo "1924"]
[BlackElo "1822"]
[PlyCount "117"]
[EventDate "2021.09.24"]
[EventType "swiss"]
[EventRounds "5"]
[EventCountry "USA"]
[SourceTitle "CBM 204 Extra"]
[Source "ChessBase"]
[SourceDate "2021.11.30"]
[SourceVersion "1"]
[SourceVersionDate "2021.11.30"]
[SourceQuality "1"]

1. Nf3 Nf6 2. e3 g6 3. d4 Bg7 4. c4 0-0 5. Be2 d6 6. 0-0 Nbd7 7. Nc3 e5 8. Qc2 exd4 9. exd4 Nb6 10. d5 Bf5 11. Bd3 Bxd3 12. Qxd3 Nfd7 13. b3 Ne5 14. Nxe5 Bxe5 15. Bb2 Nd7 16. Rae1 Bg7 17. Qc2 Nf6 18. Ne4 Nxe4 19. Bxg7 Kxg7 20. Rxe4 Re8 21. Rfe1 Qd7 22. Kf1 Rxe4 23. Qxe4 Kf8 24. Qd4 Kg8 25. Re4 Re8 26. Rxe8+ Qxe8 27. Qxa7 Qe4 28. f3 Qd3+ 29. Ke1 Qb1+ 30. Kf2 Qb2+ 31. Kg3 Qe5+ 32. f4 Qc3+ 33. Kf2 Qd2+ 34. Kf3 b6 35. Qxc7 Qd3+ 36. Kg4 Qe2+ 37. Kh3 h5 38. Qd8+ Kg7 39. Qg5 Qxa2 40. Qg3 Qc2 41. Qe3 Qd1 42. Kg3 f5 43. h3 Kh6 44. Qxb6 Qe1+ 45. Kh2 h4 46. Qd4 Qg3+ 47. Kh1 Qe1+ 48. Qg1 Qg3 49. b4 Qxf4 50. c5 Qxb4 51. Qc1+ Kh5 52. c6 Qb8 53. c7 Qc8 54. Qc6 g5 55. Qxd6 Qe8 56. Qe6 Qb5 57. Qf7+ Kh6 58. Qf6+ Kh5 59. Qxf5 1-0

[Event "Kings Island op 24th"]
[Site "Blue Ash"]
[Date "2015.11.13"]
[Round "1"]
[White "Sarkar, Justin"]
[Black "Davidovich, Manis"]
[Result "1-0"]
[WhiteElo "2409"]
[BlackElo "1982"]
[PlyCount "113"]
[EventDate "2015.11.13"]
[EventType "swiss"]
[EventRounds "5"]
[EventCountry "USA"]
[SourceTitle "CBM 169 Extra"]
[Source "ChessBase"]
[SourceDate "2015.12.18"]
[SourceVersion "1"]
[SourceVersionDate "2015.12.18"]
[SourceQuality "1"]

1. d4 d5 2. c4 e6 3. Nc3 c5 4. cxd5 exd5 5. Nf3 Nc6 6. dxc5 d4 7. Na4 b5 8. cxb6 axb6 9. e3 Bb4+ 10. Bd2 d3 11. Bxb4 Nxb4 12. Nd4 Nf6 13. Nc3 0-0 14. Bxd3 Nxd3+ 15. Qxd3 Ba6 16. Ncb5 Qd5 17. 0-0 Rac8 18. Rfd1 Bb7 19. f3 Rfe8 20. Nf5 Qxd3 21. Rxd3 Ba6 22. Rb3 Re5 23. Nbd4 Bc4 24. Rc1 Rec5 25. Ne7+ Kf8 26. Nxc8 Bxb3 27. Rxc5 bxc5 28. Nxb3 c4 29. Nd2 c3 30. bxc3 Nd5 31. c4 Nxe3 32. a4 Nc2 33. a5 Nb4 34. Nb6 Ke8 35. Ne4 f6 36. Nc5 Nc6 37. a6 Kd8 38. Ne6+ Ke7 39. Nd4 Na7 40. Nb5 Nc6 41. Kf2 Kd8 42. Ke3 g6 43. a7 Nxa7 44. Nxa7 Kc7 45. c5 Kb7 46. Nbc8 f5 47. Kd4 g5 48. c6+ Kc7 49. Kc5 g4 50. fxg4 fxg4 51. Nd6 h5 52. Nf7 h4 53. Nb5+ Kb8 54. Nfd6 h3 55. gxh3 gxh3 56. c7+ Ka8 57. c8R# 1-0

[Event "Lansing op"]
[Site "Lansing"]
[Date "2004.09.04"]
[Round "2"]
[White "Davidovich, Manis"]
[Black "Florean, Andrei"]
[Result "0-1"]
[WhiteElo "2055"]
[BlackElo "2496"]
[PlyCount "50"]
[EventDate "2004.09.03"]
[EventType "swiss"]
[EventRounds "7"]
[EventCountry "USA"]
[SourceTitle "EXT 2007"]
[Source "ChessBase"]
[SourceDate "2006.11.23"]
[SourceVersion "1"]
[SourceVersionDate "2006.11.23"]
[SourceQuality "1"]

1. e4 b6 2. d4 Bb7 3. Bd3 e6 4. Ne2 c5 5. c3 Nf6 6. f3 d5 7. e5 Nfd7 8. 0-0 Nc6 9. f4 g6 10. a3 cxd4 11. cxd4 Na5 12. b3 Qc8 13. Rf3 Ba6 14. Bc2 Qc6 15. Ra2 Rc8 16. Nec3 Be7 17. Bb2 0-0 18. Ba1 b5 19. Nd2 b4 20. axb4 Bb5 21. Nf1 Rc7 22. Bb1 Rfc8 23. Raf2 Qb6 24. Na2 Ba6 25. Bb2 Bb7 0-1

[Event "Warren Decemb op"]
[Site "Warren"]
[Date "2003.12.13"]
[Round "3"]
[White "West, Tony D"]
[Black "Davidovich, Manis"]
[Result "0-1"]
[WhiteElo "1842"]
[BlackElo "2117"]
[PlyCount "76"]
[EventDate "2003.12.13"]
[EventType "swiss (rapid)"]
[EventRounds "6"]
[EventCountry "USA"]
[SourceTitle "EXT 2008"]
[Source "ChessBase"]
[SourceDate "2007.11.25"]
[SourceVersion "1"]
[SourceVersionDate "2007.11.25"]
[SourceQuality "1"]

1. e4 c5 2. c3 d6 3. d4 Nf6 4. Bd3 Nc6 5. Nf3 cxd4 6. cxd4 g6 7. 0-0 Bg7 8. Nc3 0-0 9. h3 e5 10. dxe5 dxe5 11. Bg5 h6 12. Be3 Be6 13. Qe2 Nd4 14. Bxd4 exd4 15. Nb5 Nh5 16. Qd2 a6 17. Na3 b5 18. Nc2 Qd6 19. Rfe1 Qf4 20. Qe2 Rfd8 21. e5 Bc4 22. g4 Ng3 23. Qd1 h5 24. Kg2 h4 25. Nxh4 Bd5+ 26. Nf3 Bxe5 27. Rxe5 Qxe5 28. fxg3 Qf6 29. Qe2 Rac8 30. Qf2 Ba8 31. Rf1 Rc7 32. Kh2 Rcd7 33. g5 Qxf3 34. Qxf3 Bxf3 35. Rxf3 Re7 36. h4 Rd6 37. Rf4 Re3 38. Nxe3 dxe3 0-1

[Event "Warren Bottom-Half op"]
[Site "Warren"]
[Date "2003.06.22"]
[Round "4"]
[White "Szpisjak, Steven"]
[Black "Davidovich, Manis"]
[Result "1-0"]
[WhiteElo "2200"]
[BlackElo "2101"]
[PlyCount "118"]
[EventDate "2003.06.21"]
[EventType "swiss"]
[EventRounds "5"]
[EventCountry "USA"]
[SourceTitle "EXT 2008"]
[Source "ChessBase"]
[SourceDate "2007.11.25"]
[SourceVersion "1"]
[SourceVersionDate "2007.11.25"]
[SourceQuality "1"]

1. d4 d5 2. Nf3 e6 3. c4 Nf6 4. Nc3 c5 5. cxd5 cxd4 6. Qa4+ Bd7 7. Qxd4 exd5 8. Bg5 Nc6 9. Bxf6 gxf6 10. Qxd5 Qb6 11. Qb5 Qc7 12. e3 Nb4 13. Qe2 0-0-0 14. a3 Bb5 15. Qxb5 Nc2+ 16. Ke2 Nxa1 17. g3 Kb8 18. Bg2 a6 19. Qa4 b5 20. Nxb5 Qc2+ 21. Qxc2 Nxc2 22. Nc3 Bh6 23. Rc1 Nd4+ 24. Nxd4 Rxd4 25. Nd5 Rd8 26. Rc5 Rg4 27. Nxf6 Rg6 28. Nd5 Rgd6 29. b4 Bf8 30. Ra5 R8d7 31. e4 Be7 32. f4 Rc6 33. Kd3 Rh6 34. h3 Bd8 35. Rc5 Bb6 36. Rc4 Rg6 37. g4 f5 38. exf5 Rgd6 39. g5 Rxd5+ 40. Bxd5 Rxd5+ 41. Ke4 Rd8 42. g6 Re8+ 43. Kd5 Rg8 44. Rc6 Bc7 45. Ke6 hxg6 46. Kf7 Rd8 47. fxg6 Bxf4 48. g7 Rd7+ 49. Kg6 Rd8 50. h4 Be5 51. h5 Kb7 52. Re6 Bxg7 53. Kxg7 Rd7+ 54. Kg6 Rd3 55. h6 Rxa3 56. h7 Rg3+ 57. Kf7 Rf3+ 58. Kg7 Rg3+ 59. Rg6 Rh3 1-0

[Event "Auburn Hills op"]
[Site "Auburn Hills"]
[Date "2003.04.27"]
[Round "4"]
[White "Davidovich, Manis"]
[Black "Finegold, Benjamin"]
[Result "1/2-1/2"]
[WhiteElo "2117"]
[BlackElo "2551"]
[PlyCount "127"]
[EventDate "2003.04.26"]
[EventType "swiss"]
[EventRounds "5"]
[EventCountry "USA"]
[SourceTitle "EXT 2007"]
[Source "ChessBase"]
[SourceDate "2006.11.23"]
[SourceVersion "1"]
[SourceVersionDate "2006.11.23"]
[SourceQuality "1"]

1. e4 d5 2. exd5 Qxd5 3. Nc3 Qd6 4. d4 Nf6 5. Nf3 Bg4 6. Be2 e6 7. 0-0 Nc6 8. Bg5 Be7 9. Nb5 Qd8 10. c3 0-0 11. h3 Bf5 12. a4 Nd5 13. Bxe7 Qxe7 14. Na3 Rad8 15. Nc4 Qf6 16. Re1 Be4 17. Nfd2 Bxg2 18. Kxg2 Nf4+ 19. Kh2 e5 20. Bf1 exd4 21. Ne4 Qh6 22. Qf3 f5 23. Nc5 g5 24. Nd3 Nh5 25. Be2 g4 26. Qg2 dxc3 27. bxc3 Kh8 28. Rad1 Rg8 29. Kh1 Qf6 30. hxg4 fxg4 31. Qh2 Rd5 32. Ne3 Rdg5 33. Qh4 Qxc3 34. Nxg4 Nf6 35. Nh6 Qb3 36. Nc5 Qa2 37. Nxg8 Qxg8 38. Bf3 Rf5 39. Ne4 Ne8 40. Bh5 Ne5 41. Bxe8 Nf3 42. Nf6 Nxh4 43. Nxg8 Kxg8 44. Bb5 Rxf2 45. Re7 Ng6 46. Rd8+ Nf8 47. Bc4+ Kh8 48. Rf7 Rxf7 49. Bxf7 Kg7 50. Bd5 c6 51. Be4 Ne6 52. Rd7+ Kf6 53. Rxh7 Nc5 54. Bc2 Ke5 55. Kg2 a5 56. Kf3 b5 57. Ke3 b4 58. Rh5+ Kd6 59. Rg5 b3 60. Bb1 Nxa4 61. Rxa5 Nc3 62. Ra3 Kc5 63. Rxb3 Kc4 64. Rb8 1/2-1/2

[Event "Auburn Hills op"]
[Site "Auburn Hills"]
[Date "2003.04.26"]
[Round "3"]
[White "Mazuchowski, Tom"]
[Black "Davidovich, Manis"]
[Result "0-1"]
[WhiteElo "2000"]
[BlackElo "2117"]
[PlyCount "92"]
[EventDate "2003.04.26"]
[EventType "swiss"]
[EventRounds "5"]
[EventCountry "USA"]
[SourceTitle "EXT 2007"]
[Source "ChessBase"]
[SourceDate "2006.11.23"]
[SourceVersion "1"]
[SourceVersionDate "2006.11.23"]
[SourceQuality "1"]

1. Nf3 d5 2. g3 e6 3. Bg2 c5 4. 0-0 Nf6 5. d3 Nc6 6. Nbd2 h5 7. e4 Be7 8. e5 Ng4 9. Re1 Nh6 10. h3 g5 11. Nh2 g4 12. hxg4 hxg4 13. Nxg4 Nxg4 14. Qxg4 Nd4 15. Qd1 Qb6 16. c3 Nf5 17. Nf3 Bd7 18. Qb3 Qc7 19. c4 Bc6 20. Bf4 0-0-0 21. Qc2 dxc4 22. dxc4 Rdg8 23. Rad1 b6 24. Rd3 Qb7 25. Qd1 Rg4 26. Qd2 Bh4 27. Rd1 Nd4 28. Nxd4 Bxg2 29. f3 Bxg3 30. Qxg2 Bh2+ 31. Bxh2 Rxg2+ 32. Kxg2 cxd4 33. Rxd4 Qe7 34. Bg3 Qg5 35. Kf2 Rh3 36. Rg4 Qf5 37. Rg8+ Kc7 38. Rdd8 Qc2+ 39. Ke3 Qc1+ 40. Ke4 Qxc4+ 41. Ke3 Qc1+ 42. Ke4 Qb1+ 43. Ke3 Qxb2 44. Rb8 Qa3+ 45. Ke4 Qa6 46. Bf2 Qe2+ 0-1

[Event "Michigan Action"]
[Site "Flint"]
[Date "2002.12.07"]
[Round "6"]
[White "Finegold, Benjamin"]
[Black "Davidovich, Manis"]
[Result "1-0"]
[WhiteElo "2535"]
[BlackElo "2000"]
[PlyCount "81"]
[EventDate "2002.12.07"]
[EventType "swiss (rapid)"]
[EventRounds "6"]
[EventCountry "USA"]
[SourceTitle "EXT 2009"]
[Source "ChessBase"]
[SourceDate "2008.11.26"]
[SourceVersion "1"]
[SourceVersionDate "2008.11.26"]
[SourceQuality "1"]

1. d4 Nf6 2. Nf3 g6 3. Bg5 Bg7 4. Nbd2 d6 5. e4 c5 6. dxc5 dxc5 7. Bb5+ Bd7 8. Qe2 0-0 9. c3 a6 10. Bxd7 Nbxd7 11. e5 Ng4 12. e6 Nde5 13. exf7+ Rxf7 14. 0-0 Qc7 15. Nxe5 Nxe5 16. Rae1 c4 17. Rd1 b5 18. Ne4 Nd3 19. Bh4 h6 20. Bg3 Be5 21. Qg4 Kg7 22. h4 Rf5 23. Rd2 Raf8 24. Re2 Bxg3 25. Nxg3 R5f7 26. Re6 Nf4 27. Nh5+ Kh8 28. Nxf4 Rxf4 29. Qxg6 Rxh4 30. g3 Rg8 31. gxh4 Rxg6+ 32. Rxg6 Kh7 33. Rg3 Qf4 34. Re1 Qxh4 35. Re6 a5 36. a3 Qf4 37. Rxe7+ Kh8 38. Reg7 h5 39. R7g5 Qf7 40. Rh3 Qh7 41. Rhxh5 1-0

[Event "Motor City op"]
[Site "Warren"]
[Date "2002.11.30"]
[Round "4"]
[White "Davidovich, Manis"]
[Black "Ferenti, Cornel"]
[Result "1-0"]
[WhiteElo "2000"]
[BlackElo "2169"]
[PlyCount "67"]
[EventDate "2002.11.29"]
[EventType "swiss"]
[EventRounds "7"]
[EventCountry "USA"]
[SourceTitle "EXT 2009"]
[Source "ChessBase"]
[SourceDate "2008.11.26"]
[SourceVersion "1"]
[SourceVersionDate "2008.11.26"]
[SourceQuality "1"]

1. e4 c5 2. Nf3 Nc6 3. d4 cxd4 4. Nxd4 Qb6 5. Nb3 Nf6 6. Nc3 e6 7. a3 a6 8. Bc4 Qc7 9. Qe2 Be7 10. f4 b5 11. Bd3 b4 12. axb4 Nxb4 13. 0-0 Bb7 14. Be3 d6 15. Ra5 d5 16. exd5 Nfxd5 17. Nxd5 Bxd5 18. c4 Bb7 19. Bb1 Rc8 20. Rc1 Qc6 21. Nc5 Qb6 22. Nxb7 Qxb7 23. Bd4 Rd8 24. Qf2 Rxd4 25. Qxd4 Nc6 26. Qxg7 Rf8 27. Rh5 Qb6+ 28. c5 Qb4 29. Qc3 Qxf4 30. Rf1 Qg4 31. Qf3 Qd4+ 32. Kh1 Qd7 33. Bxh7 e5 34. Bf5 1-0

[Event "Lansing op"]
[Site "Lansing"]
[Date "2002.09.02"]
[Round "7"]
[White "Davidovich, Manis"]
[Black "Kartik, Viswanathan"]
[Result "1/2-1/2"]
[WhiteElo "2007"]
[BlackElo "2148"]
[PlyCount "87"]
[EventDate "2002.08.30"]
[EventType "swiss"]
[EventRounds "7"]
[EventCountry "USA"]
[SourceTitle "EXT 2007"]
[Source "ChessBase"]
[SourceDate "2006.11.23"]
[SourceVersion "1"]
[SourceVersionDate "2006.11.23"]
[SourceQuality "1"]

1. e4 c5 2. Nf3 d6 3. d4 cxd4 4. Nxd4 Nf6 5. Nc3 g6 6. Be3 Bg7 7. f3 Nc6 8. Qd2 0-0 9. Bc4 Bd7 10. 0-0-0 Rc8 11. Bb3 Ne5 12. h4 h5 13. Bg5 Rc5 14. g4 hxg4 15. f4 Nc4 16. Qe2 Qc8 17. f5 Nxb2 18. Kxb2 Rxc3 19. fxg6 Rxb3+ 20. axb3 fxg6 21. Qd3 Qc5 22. Kb1 Rc8 23. Ne2 Qe5 24. Bxf6 Bxf6 25. Nd4 Be6 26. Qd2 Qxd4 27. Qxd4 Bxd4 28. Rxd4 Rc3 29. Kb2 Rh3 30. Rdd1 Kh7 31. c4 Kh6 32. Rhe1 g3 33. e5 dxe5 34. Rxe5 Rh2+ 35. Kc3 Bg4 36. Rg1 g2 37. Rxe7 Bf3 38. Kd3 Rxh4 39. Ke3 Bc6 40. Kf2 a5 41. Re5 Rh3 42. Rb1 Rh1 43. Rg1 Rh3 44. Rb1 1/2-1/2

[Event "Lansing op"]
[Site "Lansing"]
[Date "2002.09.01"]
[Round "4"]
[White "Perkins, Michael J"]
[Black "Davidovich, Manis"]
[Result "0-1"]
[WhiteElo "1584"]
[BlackElo "2007"]
[PlyCount "102"]
[EventDate "2002.08.30"]
[EventType "swiss"]
[EventRounds "7"]
[EventCountry "USA"]
[SourceTitle "EXT 2007"]
[Source "ChessBase"]
[SourceDate "2006.11.23"]
[SourceVersion "1"]
[SourceVersionDate "2006.11.23"]
[SourceQuality "1"]

1. b3 e5 2. Bb2 Nc6 3. e3 d5 4. Bb5 Bd6 5. Nf3 Qe7 6. c4 dxc4 7. Bxc6+ bxc6 8. Qc2 Nf6 9. bxc4 c5 10. d3 Bd7 11. Nbd2 Bc6 12. Qc3 Nd7 13. 0-0 g5 14. d4 Bxf3 15. Nxf3 f6 16. dxe5 fxe5 17. Qc2 Rb8 18. Rab1 0-0 19. Qe4 Rb6 20. Qd5+ Kg7 21. Bc3 g4 22. Rxb6 gxf3 23. Rxd6 cxd6 24. gxf3 Nb6 25. Qe4 Qf7 26. Rb1 Qxf3 27. Qxf3 Rxf3 28. Kg2 Rf7 29. Kf1 Nxc4 30. Ke2 Kf8 31. Rb8+ Ke7 32. Rb7+ Ke6 33. Rxf7 Kxf7 34. Kd3 Nb6 35. f4 exf4 36. exf4 Nd5 37. Bd2 Nb6 38. Ke4 d5+ 39. Kf5 Nc4 40. Bc1 a5 41. h4 a4 42. h5 a3 43. h6 Nb2 44. Bd2 Nd3 45. Ba5 Nc1 46. Bb6 Nb3 47. Ke5 c4 48. Kxd5 c3 49. Be3 c2 50. axb3 a2 51. b4 a1Q 0-1

[Event "Lansing op"]
[Site "Lansing"]
[Date "2002.08.31"]
[Round "3"]
[White "Davidovich, Manis"]
[Black "Levi, Ariel"]
[Result "0-1"]
[WhiteElo "2007"]
[BlackElo "2164"]
[PlyCount "98"]
[EventDate "2002.08.30"]
[EventType "swiss"]
[EventRounds "7"]
[EventCountry "USA"]
[SourceTitle "EXT 2007"]
[Source "ChessBase"]
[SourceDate "2006.11.23"]
[SourceVersion "1"]
[SourceVersionDate "2006.11.23"]
[SourceQuality "1"]

1. e4 c5 2. Nf3 d6 3. d4 cxd4 4. Nxd4 Nf6 5. Nc3 g6 6. Be3 Bg7 7. f3 Nc6 8. Qd2 0-0 9. Bc4 Bd7 10. 0-0-0 Qa5 11. Bb3 Rfc8 12. Kb1 Ne5 13. h4 Nc4 14. Bxc4 Rxc4 15. Nb3 Qc7 16. Bd4 Be6 17. h5 a5 18. a4 b5 19. Nxb5 Qb8 20. hxg6 hxg6 21. Nc3 Rb4 22. Qf2 Qb7 23. g4 Rb8 24. Rh2 Bxb3 25. cxb3 Rxb3 26. Rdh1 e5 27. Ba7 Rxc3 28. Bxb8 Qxb8 29. Qh4 Rb3 30. Qg5 Rxf3 31. Qh4 Qc7 32. Re2 Rf4 33. Rc1 Qb7 34. Qh3 Rxe4 35. Rec2 Rb4 36. Rc8+ Bf8 37. Qh2 Qe4+ 38. R1c2 Qe1+ 39. Rc1 Qe4+ 40. R1c2 Rxa4 41. b3 Rb4 42. Ka2 a4 43. Rxf8+ Kxf8 44. Qh8+ Ke7 45. Rc7+ Nd7 46. Qh4+ Ke6 47. Qh8 Qe2+ 48. Ka1 Qd1+ 49. Ka2 Qxb3+ 0-1

[Event "Lansing op"]
[Site "Lansing"]
[Date "2002.08.31"]
[Round "2"]
[White "Hankinson, Chris"]
[Black "Davidovich, Manis"]
[Result "0-1"]
[WhiteElo "2115"]
[BlackElo "2007"]
[PlyCount "54"]
[EventDate "2002.08.30"]
[EventType "swiss"]
[EventRounds "7"]
[EventCountry "USA"]
[SourceTitle "EXT 2007"]
[Source "ChessBase"]
[SourceDate "2006.11.23"]
[SourceVersion "1"]
[SourceVersionDate "2006.11.23"]
[SourceQuality "1"]

1. g3 Nf6 2. f4 d5 3. Nf3 Bg4 4. Bg2 c5 5. b3 Qc8 6. h3 Bxf3 7. Bxf3 Nbd7 8. Bb2 Ne4 9. g4 Qc7 10. e3 e5 11. Bxe4 dxe4 12. f5 Be7 13. Qe2 Bh4+ 14. Kd1 0-0-0 15. Qc4 Nf6 16. Qxc5 Rd5 17. Qxa7 Ra5 18. Qxa5 Qxa5 19. Na3 b5 20. c4 Qd8 21. Rh2 Bg5 22. Nc2 bxc4 23. b4 Qd3 24. Kc1 Nd5 25. Bxe5 Nxb4 26. Nxb4 Qa3+ 27. Kc2 Qxb4 0-1

[Event "Warren Motor City op"]
[Site "Warren"]
[Date "2001.11.25"]
[Round "7"]
[White "Mazuchowski, Tom"]
[Black "Davidovich, Manis"]
[Result "1-0"]
[WhiteElo "2023"]
[BlackElo "2000"]
[PlyCount "65"]
[EventDate "2001.11.24"]
[EventType "swiss"]
[EventRounds "7"]
[EventCountry "USA"]
[SourceTitle "EXT 2007"]
[Source "ChessBase"]
[SourceDate "2006.11.23"]
[SourceVersion "1"]
[SourceVersionDate "2006.11.23"]
[SourceQuality "1"]

1. e4 c5 2. Nc3 Nc6 3. Nge2 g6 4. d4 cxd4 5. Nxd4 Bg7 6. Nb3 Bxc3+ 7. bxc3 Nf6 8. Bd3 Qc7 9. 0-0 b6 10. h3 Bb7 11. Bd2 0-0-0 12. Qe2 Kb8 13. a4 d5 14. f3 Ne5 15. a5 h5 16. axb6 axb6 17. Bf4 Rdg8 18. exd5 Nfd7 19. Bb5 g5 20. Bh2 g4 21. Bxd7 g3 22. Bxg3 Rxg3 23. Bc6 Nxc6 24. dxc6 Bxc6 25. Nd4 Bd7 26. Qe4 Qb7 27. Qe5+ Qc7 28. Qxh8+ Bc8 29. Nb5 Qc5+ 30. Qd4 Bxh3 31. Rf2 Bxg2 32. Qd8+ Qc8 33. Ra8+ 1-0

[Event "Lansing op"]
[Site "Lansing"]
[Date "2001.09.02"]
[Round "4"]
[White "Hahn, David"]
[Black "Davidovich, Manis"]
[Result "1/2-1/2"]
[WhiteElo "2162"]
[BlackElo "1958"]
[PlyCount "59"]
[EventDate "2001.08.31"]
[EventType "swiss"]
[EventRounds "7"]
[EventCountry "USA"]
[SourceTitle "EXT 2007"]
[Source "ChessBase"]
[SourceDate "2006.11.23"]
[SourceVersion "1"]
[SourceVersionDate "2006.11.23"]
[SourceQuality "1"]

1. c4 b6 2. Nf3 Bb7 3. g3 Bxf3 4. exf3 c5 5. d4 Nc6 6. d5 Nd4 7. Bg2 g6 8. 0-0 Nh6 9. Nc3 Bg7 10. Re1 0-0 11. Be3 Nhf5 12. Rb1 a6 13. a4 Rb8 14. f4 b5 15. axb5 axb5 16. cxb5 Nxb5 17. Bxc5 Nxc3 18. bxc3 Bxc3 19. Re2 d6 20. Ba7 Rxb1 21. Qxb1 Qc7 22. Rc2 Qxa7 23. Rxc3 h5 24. Rb3 Rc8 25. Rb7 Qc5 26. Be4 Qc1+ 27. Qxc1 Rxc1+ 28. Kg2 Kf8 29. Bxf5 gxf5 30. Rb2 1/2-1/2

[Event "Lansing op"]
[Site "Lansing"]
[Date "2001.09.01"]
[Round "3"]
[White "Davidovich, Manis"]
[Black "Loo, James"]
[Result "1/2-1/2"]
[WhiteElo "1957"]
[BlackElo "1568"]
[PlyCount "116"]
[EventDate "2001.08.31"]
[EventType "swiss"]
[EventRounds "7"]
[EventCountry "USA"]
[SourceTitle "EXT 2007"]
[Source "ChessBase"]
[SourceDate "2006.11.23"]
[SourceVersion "1"]
[SourceVersionDate "2006.11.23"]
[SourceQuality "1"]

1. e4 c5 2. Nf3 d6 3. d4 cxd4 4. Nxd4 Nf6 5. Nc3 g6 6. Be2 Bg7 7. 0-0 0-0 8. Nb3 Nc6 9. Bg5 Be6 10. Kh1 Rc8 11. f4 Qd7 12. Qe1 a6 13. Rd1 Qc7 14. f5 Bxb3 15. axb3 Ne5 16. Bd3 h6 17. Bxf6 Bxf6 18. Nd5 Qd8 19. Nxf6+ exf6 20. Qe3 Kg7 21. Rd2 g5 22. Rfd1 Rc6 23. Bc4 Qc7 24. Qe2 Nxc4 25. bxc4 Rxc4 26. c3 Re8 27. Rd4 d5 28. Rxd5 Rcxe4 29. Qf1 Re2 30. R5d2 Qe5 31. h3 Qe3 32. Rd3 Qf2 33. Qxf2 Rxf2 34. b4 Rxf5 35. Rd7 Rb5 36. Rc7 b6 37. Rdd7 Rf8 38. Rd6 a5 39. Rcc6 axb4 40. cxb4 Rxb4 41. Rxf6 h5 42. Rxb6 Rxb6 43. Rxb6 f5 44. Kg1 Rf6 45. Rb5 Kg6 46. Kf2 h4 47. Kf3 Rd6 48. Rb3 Kh5 49. Rb8 Rd3+ 50. Kf2 Kg6 51. Rb6+ Kh5 52. Rb8 Rd2+ 53. Kf3 g4+ 54. Kf4 Rf2+ 55. Ke5 Kg6 56. hxg4 Re2+ 57. Kf4 Re4+ 58. Kf3 Rxg4 1/2-1/2

[Event "Romulus op"]
[Site "Romulus"]
[Date "2000.09.03"]
[Round "1"]
[White "Sobh, Alex"]
[Black "Davidovich, Manis"]
[Result "0-1"]
[WhiteElo "1146"]
[BlackElo "1695"]
[PlyCount "72"]
[EventDate "2000.09.01"]
[EventType "swiss"]
[EventRounds "7"]
[EventCountry "USA"]
[SourceTitle "EXT 2007"]
[Source "ChessBase"]
[SourceDate "2006.11.23"]
[SourceVersion "1"]
[SourceVersionDate "2006.11.23"]
[SourceQuality "1"]

1. e4 c5 2. d4 cxd4 3. Nf3 Nc6 4. Nxd4 g6 5. Nxc6 bxc6 6. g3 Bg7 7. Bg2 Nh6 8. 0-0 0-0 9. Be3 d6 10. c3 Rb8 11. Qd2 Ng4 12. h3 Nxe3 13. fxe3 Qb6 14. b3 Qa5 15. Qc2 Be6 16. b4 Qe5 17. Kh2 Rxb4 18. cxb4 Qxa1 19. Nd2 Qc3 20. Qxc3 Bxc3 21. Nf3 Bxb4 22. e5 a5 23. exd6 exd6 24. a4 c5 25. Rd1 c4 26. Nd4 Bd7 27. Nc2 Bxa4 28. Nxb4 Bxd1 29. Na2 Rb8 30. Nc3 Bc2 31. Bd5 Rb2 32. Kg1 Bd3 33. Na4 Re2 34. Nb6 c3 35. Bc4 c2 36. Bxd3 c1Q# 0-1